00617nam a22001697a 450000500170000001000150001702000270003203500130005903700130007208200120008510000270009724501870012426000390031127000560035030000200040670000210042620150611150931.0 aENG-112954 c560.00 a9789383231140 aEN-96486 bDBAD/PUB a361.305 aJoshi, Chittaranjan A. aObjective question-answer in social work : cby Chittaranjan A. Joshi [and] Abhay M. Jadhav bmost useful for NET & SET, university exams, social welfate exams, UPSC & MPSC exams. /  aJaipurbManas Publishers c2013-14 bJaipure302006a91, Bhagwati Nagar IInd Kartarpur,  a148p.c23cm(Hb) aJadhav, Abhay M.